[Event "SVK-chT2A 1415"]
[Site "Slovakia"]
[Date "2015.03.07"]
[Round "10.5"]
[White "Kundrak, Vladimir"]
[Black "Petreje, Juraj"]
[Result "1/2-1/2"]
[WhiteElo "1949"]
[BlackElo "2060"]
[PlyCount "122"]
[EventDate "2014.10.11"]
[EventType "team-tourn"]
[EventRounds "11"]
[EventCountry "SVK"]
[SourceTitle "EXT 2016"]
[Source "ChessBase"]
[SourceDate "2015.10.08"]
[SourceVersion "1"]
[SourceVersionDate "2015.10.08"]
[SourceQuality "1"]
[WhiteTeam "Modra II"]
[BlackTeam "Bratislava Krasnany"]
[WhiteTeamCountry "SVK"]
[BlackTeamCountry "SVK"]

1. b3 c5 2. Bb2 Nc6 3. Nf3 e6 4. e3 Nf6 5. Bb5 Be7 6. 0-0 0-0 7. d4 Qb6 8. Bxc6 Qxc6 9. c4 d6 10. Qe2 b6 11. Ne1 Ba6 12. Nd3 cxd4 13. Nb4 Qc8 14. Nxa6 Qxa6 15. Bxd4 Rac8 16. e4 d5 17. exd5 Nxd5 18. Nc3 Nf6 19. Rfd1 Rfd8 20. Rd3 Qb7 21. Rad1 Ne8 22. Ne4 Qc7 23. Rg3 Qf4 24. Rf3 Qc7 25. Rh3 Qf4 26. Rf3 Qg4 27. h3 Qh4 28. Rfd3 Qf4 29. Rf3 Qc7 30. Rg3 Qc6 31. Rgd3 h6 32. Be5 Qa8 33. f3 f5 34. Nd6 Bxd6 35. Bxd6 Kf7 36. Bb4 Rxd3 37. Qxd3 Rc7 38. Re1 Qc6 39. Rd1 Nf6 40. Qd6 Qxd6 41. Rxd6 Rd7 42. Kf2 Rxd6 43. Bxd6 Nd7 44. f4 g5 45. g3 e5 46. fxe5 Ke6 47. Ke3 Nxe5 48. Bf8 h5 49. Bg7 Ng6 50. Bd4 f4+ 51. Kf3 fxg3 52. Kxg3 Kf5 53. c5 bxc5 54. Bxc5 a6 55. b4 Ne5 56. a4 h4+ 57. Kg2 g4 58. hxg4+ Kxg4 59. b5 axb5 60. axb5 h3+ 61. Kh1 Nd7 1/2-1/2

[Event "SVK-chT2A 1314"]
[Site "Slovakia"]
[Date "2013.10.19"]
[Round "1.4"]
[White "Kundrak, Vladimir"]
[Black "Kalmar, Tamas"]
[Result "1/2-1/2"]
[WhiteElo "1945"]
[BlackElo "1974"]
[PlyCount "116"]
[EventDate "2013.10.19"]
[EventType "team-tourn"]
[EventRounds "11"]
[EventCountry "SVK"]
[SourceTitle "EXT 2015"]
[Source "ChessBase"]
[SourceDate "2014.11.20"]
[SourceVersion "1"]
[SourceVersionDate "2014.11.20"]
[SourceQuality "1"]
[WhiteTeam "Modra II"]
[BlackTeam "Potonska Veza"]
[WhiteTeamCountry "SVK"]
[BlackTeamCountry "SVK"]

1. b3 Nf6 2. Bb2 d5 3. e3 Bf5 4. Nf3 h6 5. Be2 e6 6. 0-0 Bd6 7. Ne5 Nbd7 8. f4 c6 9. d3 Qc7 10. Nxd7 Qxd7 11. Nd2 0-0-0 12. Nf3 Bc5 13. Qd2 Qe7 14. a3 Bg4 15. b4 Bb6 16. a4 Rhg8 17. b5 cxb5 18. axb5 Nd7 19. d4 Bxf3 20. Bxf3 Nf6 21. c4 dxc4 22. Rfc1 Kb8 23. Rxc4 Qd7 24. Qb4 Rc8 25. Rac1 Rxc4 26. Rxc4 Rd8 27. Rc1 Qd6 28. Qb3 Rc8 29. Rxc8+ Kxc8 30. Ba3 Qc7 31. Kf2 g5 32. g3 gxf4 33. gxf4 h5 34. h3 Ba5 35. Bc5 Bb6 36. Bb4 h4 37. Qc3 Qxc3 38. Bxc3 Nd5 39. Be1 a6 40. bxa6 bxa6 41. Be2 a5 42. Kf3 Bd8 43. e4 Nb4 44. Bd1 f5 45. exf5 exf5 46. Bxb4 axb4 47. Bc2 Kd7 48. Bxf5+ Kd6 49. Be4 Bf6 50. Ke3 b3 51. Kd3 b2 52. Kc3 Bg7 53. Kxb2 Bxd4+ 54. Kc2 Ke6 55. Kd3 Be5 56. f5+ Kf6 57. Ke3 Kg5 58. Kf3 Ba1 1/2-1/2

[Event "SVK-chT2A 1213"]
[Site "Slovakia"]
[Date "2013.03.16"]
[Round "10.5"]
[White "Kundrak, Vladimir"]
[Black "Lobodas, Andrej"]
[Result "0-1"]
[WhiteElo "1964"]
[BlackElo "1881"]
[PlyCount "50"]
[EventDate "2012.10.13"]
[EventType "team-tourn"]
[EventRounds "11"]
[EventCountry "SVK"]
[SourceTitle "EXT 2015"]
[Source "ChessBase"]
[SourceDate "2014.11.20"]
[SourceVersion "1"]
[SourceVersionDate "2014.11.20"]
[SourceQuality "1"]
[WhiteTeam "Modra II"]
[BlackTeam "Devinska Nova Ves II"]
[WhiteTeamCountry "SVK"]
[BlackTeamCountry "SVK"]

1. b3 e5 2. Bb2 Nc6 3. e3 d5 4. Bb5 e4 5. d3 Qg5 6. Kf1 Bg4 7. Qd2 f5 8. Ne2 Bxe2+ 9. Qxe2 Bd6 10. c4 Nge7 11. cxd5 Nxd5 12. Bxc6+ bxc6 13. dxe4 fxe4 14. Nc3 0-0 15. Nxd5 cxd5 16. Kg1 Rf7 17. Rf1 Raf8 18. Bc3 Bc5 19. Bd4 Bxd4 20. exd4 Rf3 21. h4 Qg6 22. Kh2 R8f4 23. g3 Rxh4+ 24. gxh4 Qg4 25. Qxf3 exf3 0-1

[Event "SVK-chT2A 1213"]
[Site "Slovakia"]
[Date "2013.02.16"]
[Round "8.4"]
[White "Kundrak, Vladimir"]
[Black "Janos, Jozef"]
[Result "0-1"]
[WhiteElo "1964"]
[BlackElo "2152"]
[PlyCount "44"]
[EventDate "2012.10.13"]
[EventType "team-tourn"]
[EventRounds "11"]
[EventCountry "SVK"]
[SourceTitle "EXT 2015"]
[Source "ChessBase"]
[SourceDate "2014.11.20"]
[SourceVersion "1"]
[SourceVersionDate "2014.11.20"]
[SourceQuality "1"]
[WhiteTeam "Modra II"]
[BlackTeam "Bratislava DP"]
[WhiteTeamCountry "SVK"]
[BlackTeamCountry "SVK"]

1. d4 Nf6 2. c4 e6 3. Nc3 Bb4 4. g3 0-0 5. Bg2 c5 6. Nf3 d5 7. 0-0 cxd4 8. Nxd4 e5 9. Nc2 Bxc3 10. bxc3 dxc4 11. Na3 Nc6 12. Nxc4 Be6 13. Qa4 Qc7 14. Ba3 Rfd8 15. Rfd1 Nd5 16. Bb2 a6 17. Qc2 b5 18. Nd2 Rac8 19. a4 Nd4 20. Qd3 Nxc3 21. Bxc3 Qxc3 22. Qxc3 Nxe2+ 0-1

[Event "SVK-chT2A 1213"]
[Site "Slovakia"]
[Date "2013.02.02"]
[Round "7.5"]
[White "Kundrak, Vladimir"]
[Black "Nemsak, Denis"]
[Result "1-0"]
[WhiteElo "1964"]
[BlackElo "1873"]
[PlyCount "101"]
[EventDate "2012.10.13"]
[EventType "team-tourn"]
[EventRounds "11"]
[EventCountry "SVK"]
[SourceTitle "EXT 2015"]
[Source "ChessBase"]
[SourceDate "2014.11.20"]
[SourceVersion "1"]
[SourceVersionDate "2014.11.20"]
[SourceQuality "1"]
[WhiteTeam "Modra II"]
[BlackTeam "Piestany Kupele"]
[WhiteTeamCountry "SVK"]
[BlackTeamCountry "SVK"]

1. d4 f5 2. g3 g6 3. Bg2 Bg7 4. c4 Nf6 5. Nc3 0-0 6. Nf3 d6 7. 0-0 Qe8 8. Qb3 c6 9. d5 Na6 10. Rd1 Nc5 11. Qc2 a5 12. b3 Bd7 13. Bb2 Rc8 14. Nd4 Qf7 15. e3 Nfe4 16. dxc6 bxc6 17. f3 Nf6 18. Qd2 g5 19. Rac1 Qh5 20. Nde2 Qg6 21. Ba3 Ne6 22. Na4 Rcd8 23. Bb2 f4 24. Nb6 fxg3 25. hxg3 Nc5 26. Nxd7 Nfxd7 27. Bxg7 Qxg7 28. Qxa5 Ne5 29. Nd4 Ra8 30. Qd2 Qg6 31. a4 Rab8 32. Rb1 Na6 33. Qe2 Nc5 34. a5 Qf6 35. b4 Na6 36. f4 gxf4 37. exf4 Ng6 38. Nxc6 Rbc8 39. b5 Nc5 40. Qb2 Qf5 41. Qd4 Qg4 42. Qd5+ e6 43. Qf3 Qf5 44. Rbc1 Na4 45. Kh2 h5 46. Bh3 Qc5 47. Bxe6+ Kg7 48. Bxc8 h4 49. Bh3 hxg3+ 50. Qxg3 Rxf4 51. Rg1 1-0

[Event "SVK-chT2A 1213"]
[Site "Slovakia"]
[Date "2012.10.13"]
[Round "1.5"]
[White "Merva, Frantisek"]
[Black "Kundrak, Vladimir"]
[Result "1/2-1/2"]
[WhiteElo "2006"]
[BlackElo "1964"]
[PlyCount "80"]
[EventDate "2012.10.13"]
[EventType "team-tourn"]
[EventRounds "11"]
[EventCountry "SVK"]
[SourceTitle "EXT 2015"]
[Source "ChessBase"]
[SourceDate "2014.11.20"]
[SourceVersion "1"]
[SourceVersionDate "2014.11.20"]
[SourceQuality "1"]
[WhiteTeam "Dunajska Streda II"]
[BlackTeam "Modra II"]
[WhiteTeamCountry "SVK"]
[BlackTeamCountry "SVK"]

1. d4 Nf6 2. c4 g6 3. Nc3 d5 4. Nf3 Bg7 5. Bg5 Ne4 6. cxd5 Nxc3 7. bxc3 Qxd5 8. h3 c5 9. e3 Nc6 10. Be2 0-0 11. 0-0 Re8 12. Bf4 b6 13. Ne5 Nxe5 14. dxe5 Bb7 15. Qxd5 Bxd5 16. Bb5 Red8 17. c4 Bb7 18. Rad1 h6 19. f3 e6 20. Kf2 Bf8 21. Ke2 Kg7 22. Bg3 Be7 23. Rxd8 Rxd8 24. Rd1 Rxd1 25. Kxd1 Bd8 26. Ke2 Kf8 27. Be1 Bc7 28. Bc3 h5 29. e4 Ke7 30. Ke3 a6 31. Ba4 Bc8 32. Bc6 Kd8 33. g4 hxg4 34. fxg4 Bd7 35. Bxd7 Kxd7 36. h4 Bd8 37. h5 Bg5+ 38. Kd3 Ke8 39. a4 a5 40. hxg6 fxg6 1/2-1/2

[Event "Tatry op"]
[Site "Tatranske Zruby"]
[Date "2012.09.27"]
[Round "6"]
[White "Kundrak, Vladimir"]
[Black "Mikus, Peter"]
[Result "1-0"]
[WhiteElo "1964"]
[BlackElo "1767"]
[PlyCount "61"]
[EventDate "2012.09.23"]
[EventType "swiss"]
[EventRounds "9"]
[EventCountry "SVK"]
[SourceTitle "CBM 150 Extra"]
[Source "ChessBase"]
[SourceDate "2012.10.19"]
[SourceVersion "1"]
[SourceVersionDate "2012.10.19"]
[SourceQuality "1"]

1. d4 Nf6 2. c4 e6 3. Nc3 d5 4. cxd5 Nxd5 5. e4 Nxc3 6. bxc3 Be7 7. Nf3 Nd7 8. Bd3 Nf6 9. 0-0 b6 10. Qa4+ Bd7 11. Qc2 h6 12. Ne5 c5 13. Nxd7 Qxd7 14. Bb2 Rc8 15. Qe2 0-0 16. Rad1 Qc7 17. f4 Rce8 18. Kh1 Bd8 19. Rf3 Nh7 20. e5 f5 21. exf6 Rxf6 22. Qe4 Nf8 23. d5 Be7 24. dxe6 Kh8 25. f5 Nh7 26. h4 Rff8 27. f6 Nxf6 28. Rxf6 g6 29. Rf7 Qg3 30. c4+ Kg8 31. Rg7+ 1-0

[Event "Tatry op"]
[Site "Tatranske Zruby"]
[Date "2012.09.24"]
[Round "2"]
[White "Kundrak, Vladimir"]
[Black "Chovan, Milan"]
[Result "0-1"]
[WhiteElo "1964"]
[BlackElo "1786"]
[PlyCount "110"]
[EventDate "2012.09.23"]
[EventType "swiss"]
[EventRounds "9"]
[EventCountry "SVK"]
[SourceTitle "CBM 150 Extra"]
[Source "ChessBase"]
[SourceDate "2012.10.19"]
[SourceVersion "1"]
[SourceVersionDate "2012.10.19"]
[SourceQuality "1"]

1. d4 d5 2. c4 c6 3. Nf3 Nf6 4. e3 Bg4 5. Qb3 Qc7 6. Ne5 Bf5 7. Nc3 e6 8. Be2 Nbd7 9. Nf3 Bd6 10. c5 Be7 11. Nh4 Bg4 12. Bxg4 Nxg4 13. Nf3 e5 14. h3 Ngf6 15. Qd1 0-0 16. 0-0 Rfe8 17. b4 Bf8 18. Bb2 exd4 19. Qxd4 g6 20. Rab1 Bg7 21. Qd3 Ne4 22. Ne2 Bxb2 23. Rxb2 Ndf6 24. Qd4 b6 25. cxb6 axb6 26. Nc3 Rad8 27. Nxe4 Nxe4 28. Rc1 c5 29. bxc5 bxc5 30. Qd3 Qa7 31. Rcb1 Rd7 32. Qc2 d4 33. exd4 cxd4 34. Qd3 Nc3 35. Ra1 Red8 36. Ne5 Rc7 37. Qf3 Qc5 38. Ng4 f5 39. Nf6+ Kg7 40. Rb7 Kxf6 41. g4 Qc6 42. g5+ Ke6 43. Re1+ Ne4 44. Rxe4+ Qxe4 45. Qxe4+ fxe4 46. Rxc7 d3 47. Rc1 Ke5 48. Rd1 Kd4 49. Kf1 e3 50. fxe3+ Kxe3 51. a4 d2 52. a5 Rc8 53. Kg2 Rc1 54. Rxd2 Kxd2 55. a6 Ra1 0-1

[Event "SVK-chT2A 1112"]
[Site "Slovakia"]
[Date "2012.02.26"]
[Round "11.5"]
[White "Lopatievov, Alexander"]
[Black "Kundrak, Vladimir"]
[Result "1-0"]
[WhiteElo "1925"]
[BlackElo "1957"]
[PlyCount "76"]
[EventDate "2011.10.08"]
[EventType "team-tourn"]
[EventRounds "11"]
[EventCountry "SVK"]
[SourceTitle "EXT 2013"]
[Source "ChessBase"]
[SourceDate "2012.11.22"]
[SourceVersion "1"]
[SourceVersionDate "2012.11.22"]
[SourceQuality "1"]
[WhiteTeam "Trnava Modranka"]
[BlackTeam "Modra II"]
[WhiteTeamCountry "SVK"]
[BlackTeamCountry "SVK"]

1. b4 c6 2. Bb2 Qb6 3. a3 a5 4. c3 d5 5. e3 Nf6 6. Qc2 g6 7. Nf3 Bf5 8. d3 Bg7 9. Nd4 Nbd7 10. Nd2 0-0 11. Nxf5 gxf5 12. d4 e6 13. c4 axb4 14. c5 Qc7 15. axb4 b5 16. Be2 Ne4 17. Nb3 Kh8 18. f3 Nef6 19. 0-0 Bh6 20. Qd3 Rg8 21. Rxa8 Rxa8 22. Ra1 Rxa1+ 23. Bxa1 Nb8 24. Na5 Qa7 25. Bc3 Qa6 26. g3 Qc8 27. Bf1 Qc7 28. Bg2 Nh5 29. Kf2 Nf6 30. Qe2 Qd7 31. e4 fxe4 32. fxe4 dxe4 33. d5 Bg7 34. Bxf6 Bxf6 35. Qxe4 exd5 36. Qf4 Bd8 37. Qxb8 Qf5+ 38. Bf3 Qf6 1-0

[Event "SVK-chT2A 10/11"]
[Site "Slovakia"]
[Date "2011.03.26"]
[Round "10.5"]
[White "Sturdik, Igor"]
[Black "Kundrak, Vladimir"]
[Result "1-0"]
[WhiteElo "2071"]
[BlackElo "1961"]
[PlyCount "97"]
[EventDate "2010.10.23"]
[EventType "team-tourn"]
[EventRounds "11"]
[EventCountry "SVK"]
[SourceTitle "EXT 2019"]
[Source "ChessBase"]
[SourceDate "2018.10.10"]
[SourceVersion "1"]
[SourceVersionDate "2018.10.10"]
[SourceQuality "1"]
[WhiteTeam "Trnava Lokomotiva II"]
[BlackTeam "Modra II"]
[WhiteTeamCountry "SVK"]
[BlackTeamCountry "SVK"]

1. e4 c5 2. Nf3 Nc6 3. d4 cxd4 4. Nxd4 g6 5. Nc3 Bg7 6. Be3 Nf6 7. Bc4 0-0 8. Bb3 a5 9. f3 d5 10. Bxd5 Nxd5 11. Nxd5 Rb8 12. c3 e6 13. Nxc6 bxc6 14. Nb6 Ba6 15. Qxd8 Rfxd8 16. Rd1 Rxd1+ 17. Kxd1 Be5 18. Kc1 Bc7 19. Nd7 Rd8 20. Rd1 Bc8 21. Nf6+ Kg7 22. Rxd8 Bxd8 23. Ng4 f6 24. Kd2 Ba6 25. Nf2 Kf7 26. b3 Ke8 27. Nd3 Be7 28. Nb2 Bd8 29. Na4 Bc7 30. g3 Ke7 31. Bc5+ Kd7 32. Bd4 Ke7 33. f4 f5 34. e5 h5 35. Bc5+ Kd7 36. Bb6 Bb5 37. Nc5+ Kc8 38. Bxc7 Kxc7 39. Nxe6+ Kb6 40. Nf8 a4 41. Nxg6 axb3 42. axb3 c5 43. Nh4 Bd7 44. Ng2 Be6 45. b4 cxb4 46. cxb4 Kb5 47. Kc3 Bd5 48. Ne3 Be6 49. Nc2 1-0

[Event "SVK-chT2A 10/11"]
[Site "Slovakia"]
[Date "2011.02.06"]
[Round "7.5"]
[White "Kundrak, Vladimir"]
[Black "Hartl, Jan"]
[Result "0-1"]
[WhiteElo "1961"]
[BlackElo "2118"]
[PlyCount "106"]
[EventDate "2010.10.23"]
[EventType "team-tourn"]
[EventRounds "11"]
[EventCountry "SVK"]
[SourceTitle "EXT 2019"]
[Source "ChessBase"]
[SourceDate "2018.10.10"]
[SourceVersion "1"]
[SourceVersionDate "2018.10.10"]
[SourceQuality "1"]
[WhiteTeam "Modra II"]
[BlackTeam "Pezinok KS"]
[WhiteTeamCountry "SVK"]
[BlackTeamCountry "SVK"]

1. e4 e5 2. Nf3 Nc6 3. Nc3 Nf6 4. g3 Bc5 5. Bg2 0-0 6. 0-0 Re8 7. d3 h6 8. h3 d5 9. exd5 Nxd5 10. Nxd5 Qxd5 11. Re1 Qd6 12. Be3 Bf5 13. Nd2 Bd4 14. Bxd4 exd4 15. a3 Rxe1+ 16. Qxe1 Qd7 17. Kh2 Re8 18. Qf1 Qe7 19. Nf3 Qc5 20. Re1 Re6 21. Rxe6 Bxe6 22. Qe2 Qb5 23. b3 Qc5 24. a4 Nb4 25. Ne1 c6 26. Bf3 Kf8 27. Bg4 Ke7 28. Bxe6 fxe6 29. Qg4 g5 30. Qe2 Kf6 31. Qh5 Kg7 32. Qe2 Qd5 33. Qe4 Qxe4 34. dxe4 e5 35. g4 Kf6 36. Kg2 a5 37. Kf1 b5 38. Ke2 bxa4 39. bxa4 Na2 40. Kd3 Nc3 41. Kc4 Nxa4 42. Nd3 Ke6 43. Kb3 Nc3 44. Nc5+ Kd6 45. Kc4 a4 46. f3 a3 47. Nb3 a2 48. Kd3 c5 49. Na1 Kc6 50. Kc4 Kd6 51. Nb3 Kc6 52. Na5+ Kd6 53. Nb3 Nd1 0-1

[Event "SVK-chT2A 10/11"]
[Site "Slovakia"]
[Date "2010.12.05"]
[Round "4.6"]
[White "Kundrak, Vladimir"]
[Black "Chovanec, Vladimir"]
[Result "0-1"]
[WhiteElo "1961"]
[BlackElo "2082"]
[PlyCount "62"]
[EventDate "2010.10.23"]
[EventType "team-tourn"]
[EventRounds "11"]
[EventCountry "SVK"]
[SourceTitle "EXT 2019"]
[Source "ChessBase"]
[SourceDate "2018.10.10"]
[SourceVersion "1"]
[SourceVersionDate "2018.10.10"]
[SourceQuality "1"]
[WhiteTeam "Modra II"]
[BlackTeam "Bratislava Slavia STU"]
[WhiteTeamCountry "SVK"]
[BlackTeamCountry "SVK"]

1. d3 d5 2. g3 c5 3. Nf3 Nc6 4. Bg2 Nf6 5. Nbd2 e6 6. e4 Be7 7. 0-0 b6 8. Re1 Bb7 9. e5 Nd7 10. Nf1 h6 11. h3 Qc7 12. Qe2 0-0-0 13. b3 Rdg8 14. Bb2 g5 15. g4 h5 16. N1h2 hxg4 17. Nxg4 Rg6 18. c4 d4 19. a3 Rg7 20. b4 Rgh7 21. b5 Na5 22. Rab1 Rxh3 23. Bxh3 Rxh3 24. Nfh2 Nf8 25. f3 Ng6 26. Bc1 Nh4 27. Rf1 Rg3+ 28. Kh1 Nxf3 29. Nxf3 Rxg4 30. Rg1 Rh4+ 31. Kg2 g4 0-1

[Event "Bratislava Doprastav op"]
[Site "Bratislava"]
[Date "2010.07.06"]
[Round "7"]
[White "Pozsar, Peter"]
[Black "Kundrak, Vladimir"]
[Result "1/2-1/2"]
[WhiteElo "1862"]
[BlackElo "1966"]
[PlyCount "51"]
[EventDate "2010.07.02"]
[EventType "swiss"]
[EventRounds "9"]
[EventCountry "SVK"]
[SourceTitle "EXT 2012"]
[Source "ChessBase"]
[SourceDate "2011.11.24"]
[SourceVersion "1"]
[SourceVersionDate "2011.11.24"]
[SourceQuality "1"]

1. d4 d5 2. Nf3 c6 3. c3 Bf5 4. Bg5 h6 5. Bf4 Nd7 6. h3 Qb6 7. Qc1 e6 8. Nbd2 Ngf6 9. e3 Be7 10. a4 a5 11. Be2 0-0 12. 0-0 c5 13. Bb5 c4 14. Ne5 Nxe5 15. Bxe5 Ne8 16. e4 Bh7 17. exd5 exd5 18. Re1 Bg5 19. Bg3 Nd6 20. Bxd6 Qxd6 21. Re5 Bf4 22. Re1 Bf5 23. Qd1 Bd7 24. Bxd7 Qxd7 25. Nf3 Rfe8 26. Qc2 1/2-1/2

[Event "SVK-chT2A 0910"]
[Site "Slovakia"]
[Date "2009.11.07"]
[Round "3.5"]
[White "Mosny, Jaroslav"]
[Black "Kundrak, Vladimir"]
[Result "0-1"]
[WhiteElo "2014"]
[BlackElo "1936"]
[PlyCount "58"]
[EventDate "2009.10.10"]
[EventType "team-tourn"]
[EventRounds "11"]
[EventCountry "SVK"]
[SourceTitle "EXT 2011"]
[Source "ChessBase"]
[SourceDate "2010.11.26"]
[SourceVersion "1"]
[SourceVersionDate "2010.11.26"]
[SourceQuality "1"]
[WhiteTeam "Trnava Lokomotiva II"]
[BlackTeam "Modra II"]
[WhiteTeamCountry "SVK"]
[BlackTeamCountry "SVK"]

1. d4 d5 2. c4 e6 3. Nc3 c6 4. Nf3 dxc4 5. a4 Bb4 6. e3 b5 7. Ne5 Nf6 8. Bd2 a5 9. g3 Bxc3 10. bxc3 Qd5 11. Rg1 0-0 12. Bg2 Ne4 13. f3 Nxd2 14. Qxd2 f6 15. f4 Qd6 16. Ng4 b4 17. Nf2 f5 18. g4 Nd7 19. e4 fxe4 20. Nxe4 Qxf4 21. Rf1 Qxg4 22. Rxf8+ Nxf8 23. Qg5 Qxg5 24. Nxg5 Bd7 25. Bf1 Rb8 26. Rb1 c5 27. dxc5 Bxa4 28. Bxc4 h6 29. Ne4 Bc2 0-1

[Event "SVK-chT2A 0809"]
[Site "Slovakia"]
[Date "2009.01.31"]
[Round "8.5"]
[White "Mikulas, Dusan"]
[Black "Kundrak, Vladimir"]
[Result "1/2-1/2"]
[WhiteElo "2183"]
[BlackElo "1942"]
[PlyCount "56"]
[EventDate "2008.10.11"]
[EventType "team-tourn"]
[EventRounds "11"]
[EventCountry "SVK"]
[SourceTitle "EXT 2010"]
[Source "ChessBase"]
[SourceDate "2010.11.25"]
[SourceVersion "1"]
[SourceVersionDate "2010.11.25"]
[SourceQuality "1"]
[WhiteTeam "Bratislava Doprastav"]
[BlackTeam "Modra II"]
[WhiteTeamCountry "SVK"]
[BlackTeamCountry "SVK"]

1. e4 c5 2. Nf3 Nc6 3. d4 cxd4 4. Nxd4 g6 5. Nc3 Bg7 6. Be3 Nf6 7. Nb3 0-0 8. Be2 a5 9. a4 Nb4 10. 0-0 d5 11. e5 Ne4 12. f3 Nxc3 13. bxc3 Nc6 14. f4 f6 15. Qd2 fxe5 16. fxe5 Rxf1+ 17. Rxf1 Nxe5 18. Bh6 Bxh6 19. Qxh6 Bf5 20. Qf4 Nc6 21. Kh1 e5 22. Qf2 d4 23. Bc4+ Kg7 24. Qe2 Qg5 25. cxd4 exd4 26. Re1 Bg4 27. Qe4 Qf5 28. Nxd4 Qxe4 1/2-1/2

[Event "SVK-chT2A 0809"]
[Site "Slovakia"]
[Date "2008.11.09"]
[Round "4.8"]
[White "Kundrak, Vladimir"]
[Black "Hajek, Lukas"]
[Result "1-0"]
[WhiteElo "1942"]
[BlackElo "1587"]
[PlyCount "57"]
[EventDate "2008.10.11"]
[EventType "team-tourn"]
[EventRounds "11"]
[EventCountry "SVK"]
[SourceTitle "EXT 2010"]
[Source "ChessBase"]
[SourceDate "2010.11.25"]
[SourceVersion "1"]
[SourceVersionDate "2010.11.25"]
[SourceQuality "1"]
[WhiteTeam "Modra II"]
[BlackTeam "Bratislava Doprastav IV"]
[WhiteTeamCountry "SVK"]
[BlackTeamCountry "SVK"]

1. e4 e6 2. d3 d5 3. Nd2 b6 4. Ngf3 Nc6 5. g3 Bb7 6. Bg2 Nf6 7. 0-0 Bc5 8. c3 dxe4 9. dxe4 Qd7 10. b4 Bf8 11. a4 a6 12. Qc2 g6 13. Ba3 Bg7 14. Rfd1 0-0-0 15. Nb3 Qe8 16. Bb2 Qe7 17. b5 Nb8 18. Nfd4 a5 19. c4 e5 20. Bh3+ Nfd7 21. Ne2 c5 22. bxc6 Bxc6 23. c5 bxc5 24. Nxc5 Kc7 25. Nxd7 Nxd7 26. Ba3 Qe8 27. Bd6+ Kb7 28. Rab1+ Nb6 29. Qc5 1-0

[Event "Bratislava Doprastav op"]
[Site "Bratislava"]
[Date "2005.06.27"]
[Round "5"]
[White "Kundrak, Vladimir"]
[Black "Peitl, Tomas"]
[Result "0-1"]
[WhiteElo "1937"]
[BlackElo "1807"]
[PlyCount "130"]
[EventDate "2005.06.25"]
[EventType "swiss"]
[EventRounds "9"]
[EventCountry "SVK"]
[SourceTitle "EXT 2006"]
[Source "ChessBase"]
[SourceDate "2005.11.24"]
[SourceVersion "1"]
[SourceVersionDate "2005.11.24"]
[SourceQuality "1"]

1. e4 e5 2. Nf3 Nc6 3. Nc3 Nf6 4. g3 Bc5 5. Bg2 d6 6. d3 Bg4 7. h3 Be6 8. Na4 Bb6 9. Nxb6 axb6 10. b3 Nd7 11. Ng5 Nc5 12. f4 h6 13. Nf3 f6 14. Bb2 Bf7 15. 0-0 Qe7 16. Nh4 h5 17. Nf5 Qf8 18. d4 Nd7 19. a4 g6 20. d5 Ne7 21. Ne3 Rg8 22. Qd2 Nc5 23. a5 b5 24. Qb4 c6 25. dxc6 bxc6 26. fxe5 fxe5 27. Bxe5 Nxb3 28. cxb3 dxe5 29. Qd6 Qh6 30. Rxf7 Kxf7 31. Nc2 Qg5 32. Kh2 Rgd8 33. Qc5 Rd3 34. g4 hxg4 35. hxg4 Qh4+ 36. Kg1 Qxg4 37. Rf1+ Ke8 38. Qxe5 Rad8 39. Qh8+ Kd7 40. Qe5 Rd1 41. Ne3 Rxf1+ 42. Kxf1 Rf8+ 43. Kg1 Qe6 44. Qxe6+ Kxe6 45. a6 Ra8 46. Bh3+ Ke5 47. Bg2 Rxa6 48. Kf2 Ra2+ 49. Kf3 Rb2 50. Ng4+ Ke6 51. Bh3 Rxb3+ 52. Kg2 b4 53. Ne3+ Kd6 54. Nc4+ Kc5 55. Na5 Ra3 56. Nb7+ Kb6 57. Nd6 Rc3 58. e5 b3 59. Nc8+ Ka5 60. Nxe7 Rxh3 61. Kxh3 b2 62. Nxc6+ Ka4 63. e6 b1Q 64. e7 Qe4 65. Kg3 Qxc6 0-1

[Event "Bratislava Slovan op"]
[Site "Bratislava"]
[Date "2003.??.??"]
[Round "?"]
[White "Bures, Vit"]
[Black "Kundrak, Vladimir"]
[Result "1/2-1/2"]
[WhiteElo "2170"]
[BlackElo "1990"]
[PlyCount "56"]
[EventDate "2003.04.??"]
[EventType "swiss"]
[EventRounds "9"]
[EventCountry "SVK"]
[SourceTitle "EXT 2005"]
[Source "ChessBase"]
[SourceDate "2004.11.15"]
[SourceVersion "1"]
[SourceVersionDate "2004.11.15"]
[SourceQuality "1"]

1. e4 c5 2. Nf3 Nc6 3. d4 cxd4 4. Nxd4 g6 5. c4 Bg7 6. Be3 Nh6 7. Nc3 0-0 8. Be2 f5 9. 0-0 d6 10. f3 fxe4 11. Nxe4 Nf5 12. Nxf5 Bxf5 13. Ng3 Be6 14. Qd2 Qc7 15. Ne4 Qa5 16. Rfd1 Qxd2 17. Rxd2 b6 18. Rc1 Rac8 19. b3 Bf5 20. Nc3 Be6 21. Nd5 Bxd5 22. Rxd5 Be5 23. g3 Bb2 24. Rc2 Ba3 25. Rd1 Bc5 26. Kf2 Rf6 27. f4 e5 28. Bxc5 bxc5 1/2-1/2